Statistics for Countries with embassies and consulates in Guinea Bissau

Click here to take the quiz!

General Stats

  • This quiz has been taken 24 times
  • The average score is 13 of 16

Answer Stats

ContinentCountry% Correct
South AmericaBrazil
100%
AfricaGuinea
96%
Asia/ EuropeRussia
91%
AsiaChina
87%
North AmericaCuba
87%
EuropeFrance
87%
AfricaSouth Africa
87%
AfricaGambia
83%
AfricaNigeria
83%
AfricaSenegal
83%
EuropeSpain
83%
AfricaLibya
78%
EuropePortugal
78%
AfricaAngola
70%
AfricaCape Verde
52%
AsiaPalestine
17%

Score Distribution

Percentile by Number Answered

Percent of People with Each Score

Your Score History

You have not taken this quiz